Štefan Farský: EKG do vrecka

Bibliographic Details
Main Authors: Rus, Viliam (Author), Farský, Štefan (Author)
Format: Article
Language:Slovak
ISSN:1335-0234
Subjects:

MARC

LEADER 00000nab a2200000 a 4500
001 vtls000583912
003 SK-MaSNL
005 20260304100201.0
008 250425c1996 xo 0 slo
015 |a SNBRB19rr/mm-uuuuu 
035 |a CL0584051 
035 |a urn:nbn:sk:snk-abf1j 
035 |a (urnnbn)urn:nbn:sk:snk:ar-a054wd 
035 |a (uuid)46581bd6-542a-4417-9e37-f54d85627c17 
040 |a SNKBUCL  |b slo  |c SNKBUCL  |e AACR2 
041 0 |a slo 
044 |a xo  |c SK 
080 |a 616.12-073.97  |2 1981 
100 1 |a Rus, Viliam  |4 aut  |9 1394027 
245 1 0 |a Štefan Farský: EKG do vrecka  |c Viliam Rus 
650 0 7 |a elektrokardiografia  |2 snkbucl  |9 2458 
655 7 |a články z novín a časopisov  |2 snkbucl  |9 267496 
700 1 |a Farský, Štefan  |4 aut  |9 7296 
773 0 |t Slovenský lekár  |g Roč. 6 (20), č. 2 (1996), s. 8  |x 1335-0234 
787 0 8 |i Rec.:  |a Farský, Štefan  |t EKG do vrecka  |d Martin : Osveta, 1995 
850 |a Slovenská národná knižnica 
852 |a Slovenská národná knižnica 
954 |a odborná, vedecká literatúra pôvodná (slovenská)  |2 lita 
958 |a article27 
958 |a RK 
958 |a MI 
958 |a OND 
958 |a EUIPO 
992 |a RBX 
999 |c 2836638  |d 2838568